000 00379nam a22001337a 4500
020 _qHB.
040 _cFizza Ishaq
082 _a957.4
_bNOR
100 _aBrown, Norman W.
_9133797
245 _aThe United Stated And India And Pakistan /
_cW. Norman Brown.
260 _aNew York;
_bHarvard University Press,
_c1953.
300 _a308 p. ;
_c7.8x5.2 inches
942 _2ddc
_cBK
999 _c616759
_d616759